E04_【昭和戦後の女性】生まれ年別名前TOP10 - Statistics

General Stats
  • This quiz has been taken 14 times
  • The average score is 213 of 430
Answer Stats
西暦 和暦 順位 名前 % Correct
1974 昭和49 7 優子
92%
1975 昭和50 6 優子
92%
1977 昭和52 10 優子
92%
1979 昭和54 10 優子
92%
1946 昭和21 1 和子
83%
1946 昭和21 4 美智子
83%
1947 昭和22 1 和子
83%
1947 昭和22 4 美智子
83%
1948 昭和23 1 和子
83%
1949 昭和24 2 和子
83%
1950 昭和25 1 和子
83%
1951 昭和26 1 和子
83%
1952 昭和27 1 和子
83%
1952 昭和27 7 美智子
83%
1953 昭和28 3 和子
83%
1953 昭和28 6 美智子
83%
1954 昭和29 5 和子
83%
1954 昭和29 7 美智子
83%
1955 昭和30 5 和子
83%
1955 昭和30 9 美智子
83%
1956 昭和31 5 和子
83%
1957 昭和32 5 和子
83%
1957 昭和32 10 美智子
83%
1958 昭和33 7 美智子
83%
1958 昭和33 8 和子
83%
1959 昭和34 4 美智子
83%
1960 昭和35 10 和子
83%
1973 昭和48 8
83%
1976 昭和51 9
83%
1977 昭和52 9
83%
1978 昭和53 5
83%
1979 昭和54 8
83%
1980 昭和55 4
83%
1981 昭和56 1
83%
1982 昭和57 4
83%
1983 昭和58 5
83%
1984 昭和59 3
83%
1985 昭和60 4
83%
1986 昭和61 6
83%
1987 昭和62 8
83%
1988 昭和63 9
83%
1946 昭和21 9 恵子
75%
1947 昭和22 7 恵子
75%
1948 昭和23 6 恵子
75%
1949 昭和24 5 恵子
75%
1950 昭和25 4 恵子
75%
1951 昭和26 3 恵子
75%
1952 昭和27 2 恵子
75%
1953 昭和28 1 恵子
75%
1954 昭和29 1 恵子
75%
1955 昭和30 2 恵子
75%
1955 昭和30 8 裕子
75%
1956 昭和31 1 恵子
75%
1956 昭和31 8 裕子
75%
1957 昭和32 1 恵子
75%
1957 昭和32 8 裕子
75%
1958 昭和33 1 恵子
75%
1958 昭和33 6 裕子
75%
1959 昭和34 1 恵子
75%
1959 昭和34 9 裕子
75%
1960 昭和35 1 恵子
75%
1960 昭和35 6 裕子
75%
1961 昭和36 1 恵子
75%
1961 昭和36 5 裕子
75%
1962 昭和37 3 恵子
75%
1962 昭和37 6 裕子
75%
1963 昭和38 2 恵子
75%
1963 昭和38 7 裕子
75%
1964 昭和39 5 恵子
75%
1964 昭和39 7 裕子
75%
1965 昭和40 4 恵子
75%
1965 昭和40 6 裕子
75%
1966 昭和41 6 裕子
75%
1967 昭和42 8 裕子
75%
1967 昭和42 10 恵子
75%
1968 昭和43 5 裕子
75%
1968 昭和43 7 恵子
75%
1969 昭和44 5 裕子
75%
1969 昭和44 8 恵子
75%
1970 昭和45 4 裕子
75%
1970 昭和45 10 恵子
75%
1971 昭和46 5 裕子
75%
1971 昭和46 9 恵子
75%
1972 昭和47 4 裕子
75%
1972 昭和47 6 恵子
75%
1973 昭和48 2 裕子
75%
1974 昭和49 2 裕子
75%
1975 昭和50 2 裕子
75%
1976 昭和51 2 裕子
75%
1977 昭和52 4 裕子
75%
1978 昭和53 4 裕子
75%
1978 昭和53 10 恵子
75%
1979 昭和54 4 裕子
75%
1980 昭和55 2 裕子
75%
1981 昭和56 3 裕子
75%
1982 昭和57 1 裕子
75%
1983 昭和58 2 裕子
75%
1984 昭和59 4 裕子
75%
1985 昭和60 10 裕子
75%
1972 昭和47 7 恵美
67%
1973 昭和48 6 恵美
67%
1974 昭和49 9 恵美
67%
1978 昭和53 8
67%
1979 昭和54 9
67%
1980 昭和55 6
67%
1980 昭和55 8 恵美
67%
1981 昭和56 2
67%
1981 昭和56 5 恵美
67%
1982 昭和57 2
67%
1983 昭和58 1
67%
1984 昭和59 1
67%
1985 昭和60 1
67%
1986 昭和61 1
67%
1987 昭和62 1
67%
1988 昭和63 1
67%
1946 昭和21 3 洋子
58%
1946 昭和21 7 京子
58%
1947 昭和22 3 洋子
58%
1947 昭和22 9 京子
58%
1948 昭和23 3 洋子
58%
1948 昭和23 7 京子
58%
1949 昭和24 3 洋子
58%
1949 昭和24 7 京子
58%
1950 昭和25 2 洋子
58%
1950 昭和25 6 京子
58%
1951 昭和26 2 洋子
58%
1951 昭和26 5 京子
58%
1952 昭和27 3 洋子
58%
1952 昭和27 5 京子
58%
1953 昭和28 2 洋子
58%
1953 昭和28 5 京子
58%
1954 昭和29 2 洋子
58%
1954 昭和29 4 京子
58%
1955 昭和30 1 洋子
58%
1955 昭和30 3 京子
58%
1956 昭和31 2 京子
58%
1956 昭和31 3 洋子
58%
1957 昭和32 2 京子
58%
1957 昭和32 3 洋子
58%
1958 昭和33 3 洋子
58%
1958 昭和33 9 京子
58%
1959 昭和34 3 智子
58%
1959 昭和34 8 洋子
58%
1959 昭和34 10 京子
58%
1960 昭和35 4 智子
58%
1960 昭和35 7 洋子
58%
1961 昭和36 6 洋子
58%
1961 昭和36 8 智子
58%
1961 昭和36 9 京子
58%
1962 昭和37 4 洋子
58%
1962 昭和37 5 智子
58%
1962 昭和37 9 由美
58%
1963 昭和38 6 由美
58%
1963 昭和38 9 洋子
58%
1963 昭和38 10 智子
58%
1964 昭和39 6 由美
58%
1964 昭和39 8 智子
58%
1965 昭和40 7 智子
58%
1965 昭和40 8 由美
58%
1966 昭和41 4 智子
58%
1966 昭和41 5 洋子
58%
1966 昭和41 7 由美
58%
1966 昭和41 8 陽子
58%
1967 昭和42 2 由美
58%
1967 昭和42 4 洋子
58%
1967 昭和42 7 智子
58%
1967 昭和42 9 陽子
58%
1968 昭和43 4 智子
58%
1968 昭和43 6 由美
58%
1968 昭和43 8 陽子
58%
1969 昭和44 2 智子
58%
1969 昭和44 4 陽子
58%
1969 昭和44 9 由美
58%
1970 昭和45 2 智子
58%
1970 昭和45 3 陽子
58%
1970 昭和45 9 由美
58%
1971 昭和46 1 陽子
58%
1971 昭和46 2 智子
58%
1971 昭和46 8 由美
58%
1972 昭和47 1 陽子
58%
1972 昭和47 3 智子
58%
1972 昭和47 10 由美
58%
1973 昭和48 1 陽子
58%
1973 昭和48 4 智子
58%
1974 昭和49 1 陽子
58%
1974 昭和49 6 智子
58%
1975 昭和50 4 智子
58%
1975 昭和50 5 陽子
58%
1976 昭和51 1 智子
58%
1976 昭和51 4 陽子
58%
1976 昭和51 7 裕美
58%
1977 昭和52 1 智子
58%
1977 昭和52 2 陽子
58%
1977 昭和52 7 裕美
58%
1978 昭和53 1 陽子
58%
1978 昭和53 3 智子
58%
1979 昭和54 1 智子
58%
1979 昭和54 3 陽子
58%
1980 昭和55 5 智子
58%
1980 昭和55 10 陽子
58%
1981 昭和56 6 陽子
58%
1981 昭和56 8 智子
58%
1982 昭和57 5 智子
58%
1982 昭和57 9 陽子
58%
1983 昭和58 8 智子
58%
1946 昭和21 5 節子
50%
1947 昭和22 5 節子
50%
1948 昭和23 4 節子
50%
1949 昭和24 4 節子
50%
1950 昭和25 5 節子
50%
1951 昭和26 6 節子
50%
1952 昭和27 6 節子
50%
1953 昭和28 8 節子
50%
1984 昭和59 10 友美
50%
1985 昭和60 8 友美
50%
1986 昭和61 10 友美
50%
1946 昭和21 2 幸子
42%
1947 昭和22 2 幸子
42%
1948 昭和23 2 幸子
42%
1949 昭和24 1 幸子
42%
1949 昭和24 10 久美子
42%
1950 昭和25 3 幸子
42%
1950 昭和25 9 順子
42%
1951 昭和26 4 幸子
42%
1951 昭和26 9 順子
42%
1952 昭和27 4 幸子
42%
1952 昭和27 10 順子
42%
1953 昭和28 4 幸子
42%
1953 昭和28 10 久美子
42%
1954 昭和29 3 幸子
42%
1954 昭和29 8 久美子
42%
1954 昭和29 10 順子
42%
1955 昭和30 4 幸子
42%
1955 昭和30 6 久美子
42%
1956 昭和31 4 幸子
42%
1956 昭和31 6 久美子
42%
1956 昭和31 9 順子
42%
1956 昭和31 10 典子
42%
1957 昭和32 4 幸子
42%
1957 昭和32 6 久美子
42%
1958 昭和33 2 久美子
42%
1958 昭和33 4 幸子
42%
1959 昭和34 2 久美子
42%
1959 昭和34 7 幸子
42%
1960 昭和35 3 久美子
42%
1960 昭和35 5 浩子
42%
1960 昭和35 9 幸子
42%
1961 昭和36 3 久美子
42%
1961 昭和36 7 幸子
42%
1962 昭和37 1 久美子
42%
1962 昭和37 8 幸子
42%
1963 昭和38 3 久美子
42%
1963 昭和38 8 幸子
42%
1964 昭和39 4 久美子
42%
1964 昭和39 9 幸子
42%
1965 昭和40 5 久美子
42%
1965 昭和40 9 幸子
42%
1966 昭和41 9 久美子
42%
1966 昭和41 10 幸子
42%
1968 昭和43 9 久美子
42%
1969 昭和44 7 久美子
42%
1969 昭和44 10 幸子
42%
1970 昭和45 8 久美子
42%
1971 昭和46 10 久美子
42%
1974 昭和49 4 久美子
42%
1975 昭和50 1 久美子
42%
1976 昭和51 5 久美子
42%
1976 昭和51 8 めぐみ
42%
1977 昭和52 3 久美子
42%
1977 昭和52 8 幸子
42%
1978 昭和53 2 久美子
42%
1979 昭和54 2 久美子
42%
1980 昭和55 3 久美子
42%
1981 昭和56 7 久美子
42%
1982 昭和57 10 久美子
42%
1984 昭和59 7 智美
42%
1985 昭和60 9
42%
1987 昭和62 10
42%
1988 昭和63 6
42%
1946 昭和21 6 弘子
33%
1947 昭和22 6 弘子
33%
1948 昭和23 10 啓子
33%
1949 昭和24 9 啓子
33%
1950 昭和25 10 由美子
33%
1951 昭和26 10 由美子
33%
1952 昭和27 9 由美子
33%
1953 昭和28 7 由美子
33%
1954 昭和29 6 由美子
33%
1955 昭和30 7 由美子
33%
1956 昭和31 7 由美子
33%
1957 昭和32 7 由美子
33%
1957 昭和32 9 明美
33%
1958 昭和33 5 由美子
33%
1958 昭和33 10 明美
33%
1959 昭和34 5 由美子
33%
1959 昭和34 6 明美
33%
1960 昭和35 2 由美子
33%
1960 昭和35 8 明美
33%
1961 昭和36 2 由美子
33%
1961 昭和36 4 明美
33%
1961 昭和36 10 真由美
33%
1962 昭和37 2 由美子
33%
1962 昭和37 7 明美
33%
1962 昭和37 10 真由美
33%
1963 昭和38 1 由美子
33%
1963 昭和38 4 明美
33%
1963 昭和38 5 真由美
33%
1964 昭和39 1 由美子
33%
1964 昭和39 2 真由美
33%
1964 昭和39 3 明美
33%
1965 昭和40 1 明美
33%
1965 昭和40 2 真由美
33%
1965 昭和40 3 由美子
33%
1966 昭和41 1 由美子
33%
1966 昭和41 2 真由美
33%
1966 昭和41 3 明美
33%
1967 昭和42 1 由美子
33%
1967 昭和42 3 真由美
33%
1967 昭和42 5 明美
33%
1968 昭和43 2 由美子
33%
1968 昭和43 3 真由美
33%
1968 昭和43 10 明美
33%
1969 昭和44 3 由美子
33%
1969 昭和44 6 真由美
33%
1970 昭和45 5 由美子
33%
1970 昭和45 6 真由美
33%
1970 昭和45 7 直子
33%
1971 昭和46 3 真由美
33%
1971 昭和46 6 由美子
33%
1971 昭和46 7 純子
33%
1972 昭和47 2 真由美
33%
1972 昭和47 5 純子
33%
1973 昭和48 3 真由美
33%
1973 昭和48 5 純子
33%
1974 昭和49 3 真由美
33%
1974 昭和49 5 純子
33%
1975 昭和50 3 真由美
33%
1975 昭和50 7 純子
33%
1975 昭和50 10 美紀
33%
1976 昭和51 3 真由美
33%
1977 昭和52 5 真由美
33%
1978 昭和53 9 真由美
33%
1979 昭和54 6 真由美
33%
1985 昭和60 6
33%
1986 昭和61 4
33%
1987 昭和62 2 愛美
33%
1987 昭和62 4
33%
1988 昭和63 2
33%
1988 昭和63 8 愛美
33%
1947 昭和22 10 恵美子
25%
1948 昭和23 9 恵美子
25%
1949 昭和24 8 恵美子
25%
1950 昭和25 8 恵美子
25%
1951 昭和26 7 恵美子
25%
1973 昭和48 7 香織
25%
1973 昭和48 9 美穂
25%
1974 昭和49 10 美穂
25%
1975 昭和50 8 香織
25%
1975 昭和50 9 美穂
25%
1976 昭和51 6 香織
25%
1976 昭和51 10 美穂
25%
1977 昭和52 6 香織
25%
1978 昭和53 7 香織
25%
1979 昭和54 7 香織
25%
1980 昭和55 1 絵美
25%
1980 昭和55 7 香織
25%
1981 昭和56 4 香織
25%
1981 昭和56 9 絵美
25%
1982 昭和57 3 香織
25%
1982 昭和57 6 麻美
25%
1982 昭和57 7 美穂
25%
1983 昭和58 3 麻美
25%
1983 昭和58 6 香織
25%
1983 昭和58 9 美穂
25%
1984 昭和59 5 麻美
25%
1984 昭和59 8 美穂
25%
1985 昭和60 3 麻美
25%
1985 昭和60 5 香織
25%
1986 昭和61 2 美穂
25%
1986 昭和61 5 麻美
25%
1986 昭和61 7 香織
25%
1987 昭和62 5 美穂
25%
1987 昭和62 6 香織
25%
1987 昭和62 7 麻美
25%
1988 昭和63 3 美穂
25%
1988 昭和63 7 麻美
25%
1988 昭和63 10 香織
25%
1946 昭和21 8 悦子
17%
1947 昭和22 8 悦子
17%
1948 昭和23 5 悦子
17%
1949 昭和24 6 悦子
17%
1950 昭和25 7 悦子
17%
1951 昭和26 8 悦子
17%
1952 昭和27 8 悦子
17%
1953 昭和28 9 悦子
17%
1954 昭和29 9 悦子
17%
1955 昭和30 10 悦子
17%
1964 昭和39 10 ゆかり
17%
1965 昭和40 10 直美
17%
1967 昭和42 6 直美
17%
1968 昭和43 1 直美
17%
1969 昭和44 1 直美
17%
1970 昭和45 1 直美
17%
1971 昭和46 4 直美
17%
1972 昭和47 8 美香
17%
1972 昭和47 9 直美
17%
1973 昭和48 10 美香
17%
1974 昭和49 8 美香
17%
1978 昭和53 6 理恵
17%
1979 昭和54 5 理恵
17%
1980 昭和55 9 理恵
17%
1981 昭和56 10 理恵
17%
1982 昭和57 8 理恵
17%
1983 昭和58 4 麻衣
17%
1983 昭和58 7 明日香
17%
1983 昭和58 10 美香
17%
1984 昭和59 2 麻衣
17%
1984 昭和59 6 美香
17%
1985 昭和60 2 麻衣
17%
1985 昭和60 7 あゆみ
17%
1986 昭和61 3 麻衣
17%
1986 昭和61 8 由佳
17%
1986 昭和61 9 あゆみ
17%
1987 昭和62 3 沙織
17%
1987 昭和62 9 麻衣
17%
1988 昭和63 4 麻衣
17%
1988 昭和63 5 沙織
17%
1946 昭和21 10 美代子
8%
1948 昭和23 8 美代子
8%
1984 昭和59 9 麻衣子
8%
No matching quizzes found
Score Distribution
Percent of People with Each Score
Percentile by Number Answered
Your Score History
You have not taken this quiz